000 00811nam a2200253Ia 4500
003 OSt
005 20220923224958.0
006 a|||||r|||| 00| 0
007 ta
008 220922b |||||||| |||| 00| 0 hin d
024 _a254,601
037 _cTextual
040 _aARTS
_cARTS
_bhin
041 _2hin
_ahin
082 _aO152,3N562x, N0
100 _aअस्थाना, धीरेन्द्र
245 0 _aजो मारे जायेंगे
246 _aJo māre jāyeange
260 _aदिल्ली
_b राधाकृष्ण
_c1990
300 _a107पृ.
_ccm.
650 _aहिन्दी साहित्य
_9156264
942 _hO152,3N562x, N0
_cTEXL
_2CC
999 _c375187
_d375187